00888nam a22002177a 45000010005000000030006000050050017000110080041000280200018000690400029000870500014001160820010001301000029001402450046001692500024002152600035002393000022002745200256002966500079005526500039006314423FISKH20240904131042.0240904b cb ||||| |||| 00| 0 eng d a9780545104340 aFISKHbengcFISKHdFISKH aPZ7.P2137 2813.6 aMurtagh Paratore, Coleen aWilla by heart /cColeen Murtagh Paratore aFirst printing 2009 aNew York :bScholastic,c2009. a228 pages :c20cm aAs her freshman year nears an end, fourteen-year-old Willa finds herself helping plan two weddings, auditioning for "Our Town," organizing a book drive, fighting jealousy over her boyfriend's beautiful new friend, and preparing to become a big sister. 2FictionaThe Wedding Planner's DaughterxJealousyzFourteen-year-old girls 2First boyfriendsvTeenage boy/girl